000 00692cam a22001934a 4500
005 20250605164130.0
008 250528s ||||||||||||||||||||||||d
035 _a18621
020 _a486229793
040 _aGR-AtMCL
_bgre
_dGR-AtMCL
_eAACR2
245 1 _aThe First World War in Posters / 75 Works, Including 48 in Full Color, from the Imperial War Museum, London
260 _bDover Publications, Inc,
_c1974
300 _a80
520 _aThis book reproduces the best posters of World War One - American, British, French, German, Austrian, Russian, Canadian, Italian, and Australian.
700 1 _aDarracott Joseph
_94888
942 _cBK
999 _c3969
_d3969